Cambios diurnos de variables físicas y químicas en la zona de ritral del río Medellín, Colombia (Registro nro. 14966)

Detalles MARC
000 -CABECERA
Campo de control 003850000a22001210004500
090 ## - CLASIFICACIÓN LOCAL
Colección AS
Consecutivo Seriadas
041 0# - IDIOMA
Código de idioma para texto/pista de sonido o título separado
100 1# - ASIENTO PRINCIPAL--NOMBRE PERSONAL
Nombre personal Urrego, Adriana P.
245 10 - MENCION DE TITULO
Título Cambios diurnos de variables físicas y químicas en la zona de ritral del río Medellín, Colombia
700 1# - ASIENTO SECUNDARIO - NOMBRE PERSONAL
Nombre personal Ramírez R., J. J.
773 1# - Item fuente:
Título Caldasia
Especificación de materiales 45
Descripción física 1
Paginas del Articulo 127-141
Lugar, editorial y fecha de publicación 2000
Información sobre la relación 22
942 ## - ELEMENTOS ADICIONALES (KOHA)
Tipo de ítem Artículo

No hay ítems disponibles.